US Cities by Tallest Building - Statistics

General Stats
  • This quiz has been taken 323 times
  • The average score is 43 of 60
Answer Stats
Rank City State Building Height (ft) % Correct
1 New York City New York One World Trade Center 1776
100%
2 Chicago Illinois Willis Tower 1451
98%
8 Houston Texas JPMorgan Chase Tower 1002
98%
14 Miami Florida Panorama Tower 868
98%
5 San Francisco California Salesforce Tower 1070
98%
11 Dallas Texas Bank of America Plaza 921
97%
4 Los Angeles California Wilshire Grand Center 1100
97%
10 Seattle Washington Columbia Center 932
96%
19 Boston Massachusetts 200 Clarendon 790
95%
3 Philadelphia Pennsylvania Comcast Innovation and Technology Center 1121
93%
40 Portland Oregon Wells Fargo Center 546
91%
46 Phoenix Arizona 201 North Central Avenue 483
89%
7 Atlanta Georgia Bank of America Plaza 1023
88%
23 Denver Colorado Republic Plaza 714
88%
22 Detroit Michigan Renaissance Center 727
88%
47 San Diego California Pinnacle on the Park 479
88%
36 Tampa Florida 100 North Tampa 579
88%
18 Minneapolis Minnesota IDS Tower 792
87%
6 Austin Texas Waterline 1031
86%
9 Cleveland Ohio Key Tower 947
86%
21 Las Vegas Nevada Fontainebleau Las Vegas 735
86%
38 San Antonio Texas San Antonio Marriott Rivercenter 546
86%
32 Nashville Tennessee Amazon Tower 3 609
84%
13 Charlotte North Carolina Bank of America Corporate Center 871
82%
28 Cincinnati Ohio Great American Tower 665
82%
58 Orlando Florida SunTrust Center 441
81%
34 St. Louis Missouri Metropolitan Square 593
81%
17 Indianapolis Indiana Salesforce Tower 811
80%
31 Jacksonville Florida Bank of America Tower 617
80%
48 Memphis Tennessee Clark Tower 470
80%
44 Baltimore Maryland Transamerica Tower 528
79%
30 Kansas City Missouri One Kansas City Place 624
79%
16 Pittsburgh Pennsylvania US Steel Tower 841
79%
29 Columbus Ohio Rhodes State Office Tower 629
78%
15 Oklahoma City Oklahoma Devon Energy Center 845
78%
25 New Orleans Louisiana One Shell Square 697
76%
33 Milwaukee Wisconsin US Bank Center 601
74%
55 Salt Lake City Utah Astra Tower 449
72%
41 Raleigh North Carolina PNC Plaza 538
70%
43 Buffalo New York One Seneca Tower 529
68%
37 Louisville Kentucky Aegon Center 549
62%
49 Newark New Jersey National Newark Building 465
60%
59 Honolulu Hawaii The Central Ala Moana 435
59%
26* Omaha Nebraska Mutual of Omaha Headquarters* 677
55%
12 Jersey City New Jersey 99 Hudson Street 899
53%
54 Richmond Virginia James Monroe Building 449
53%
27 Tulsa Oklahoma BOK Tower 667
49%
53 Birmingham Alabama Shipt Tower 454
46%
42 Hartford Connecticut City Place I 535
45%
39 Little Rock Arkansas Metropolitan National Bank Tower 546
44%
35 Albany New York Erastus Corning Tower 589
42%
56 Rochester New York Innovation Square 443
39%
45 Virginia Beach Virginia Westin Town CenterHotel & Residences 508
39%
52 Des Moines Iowa Ruan Center 460
38%
20 Mobile Alabama RSA Battle House Tower 745
35%
60 Lincoln Nebraska Nebraska State Capitol 433
31%
51 Baton Rouge Louisiana Louisiana State Capitol 460
29%
24 Atlantic City New Jersey Ocean Resort Casino 710
23%
50 Winston-Salem North Carolina Wells Fargo Center 460
20%
57 Fort Wayne Indiana Indiana Michigan Power Center 442
17%
No matching quizzes found
Score Distribution
Percent of People with Each Score
Percentile by Number Answered
Your Score History
You have not taken this quiz